000 01335nam a2200301 4500
003 EC-UNACH
005 20251219183830.0
006 s||||gr|||| 00| 00
008 150116t9999 mx r gr 000 0 spa d
020 _aS/N
040 _aEC-UNACH
_cEC-UNACH
041 _aspa
082 0 4 _223
_a725.42
_bL018569
110 _aS/N
245 _aProyecto de titulación Propuesta arquitectónica del camal de faenamiento para especies mayores bajo la optimización en procesos de producción e implementación de la fabrica de harina de sangre parroquia el quinche cantón quito
250 _aS/N
264 _aEcuador
_bS/N
_c2014
300 _a253
505 _a- Etapa preliminar -Marco teórico -Plan de trabajo -Matadero municipal -matadero tipo cooperativa de productores - Órgano para estatal encargado de facilitación regional nacional de servicios necesarios -Etapa analítica -Definición del objetivo de estudio -Análisis urbano contexto inmediato - Ubicación -Estudio social -Relación con el entorno urbano inmediato -Intercambio
650 _aOBJETIVOS
650 _aINSPECCIÓN EN VIVO
650 _aOPERACIONES
700 _aVinicio Iturriaga Salcedo
942 _2ddc
_c1
999 _c14339